000 00547nam a22001817a 4500
008 150923b xxu||||| |||| 00| 0 eng d
020 _a0072988975 (alk. paper)
041 0 _aeng
080 _a658.3
100 1 _aMartocchio, Joseph J.
245 1 0 _aEmployee benefits :
_c[Joseph J. Martocchio].
250 _a2nd ed.
260 _aBoston, MA :
_bMcGraw-Hill/Irwin,
_c2006.
300 _axiii, 354 f. :
_bme il.;
_c23 cm.
650 0 _aPunonjësit
650 0 _aBurimet njerëzore
942 _2udc
_cBK
999 _c1158
_d1158